| 000 | 00436nam a22001817a 4500 | ||
|---|---|---|---|
| 003 | MPLRDC | ||
| 005 | 20220104144506.0 | ||
| 008 | 210129b ||||| |||| 00| 0 eng d | ||
| 020 | _a962-231-102-4 | ||
| 082 | _a097.1 YBJ c.2 | ||
| 100 | _a杨伯峻译注 | ||
| 245 |
_a论语译注 _c |
||
| 250 | _a再版 | ||
| 260 |
_a _b中华书局香港分局 _c1987 |
||
| 300 | _b平 | ||
| 650 | _a四书--论语 | ||
| 942 |
_cBK _o097.1 YBJ c.2 |
||
| 999 |
_c50143 _d50133 |
||